000 00682nam a2200289Ia 4500
005 20260324115943.0
008 008 260324s9999 xx 000 0 eng d
020 _a9781315814117
037 _aEBOOK
040 _aCRL
040 _beng
040 _cCRL
041 _2eng
041 _aeng
084 _qCRL
100 _aDae Joong Kang
_91156643
245 0 _aLife and Learning of Korean Artists and Craftsmen
245 0 _bRhizoactivity
260 _bTaylor and Francis
260 _c2015
365 _a
365 _b265
856 _uhttp://www.taylorfrancis.com/books/9781315814117
942 _cEBOOK
999 _c1747905
_d1747905